000 00251nam a2200097Ia 4500
001 1196600
005 20250827021809.0
008 250824s9999 xx 000 0 und d
245 0 _aNİNATTATNIN BİLEZİĞİ
_cAHMET ÜMİT
260 _bEVEREST YAYINLARI
999 _c1196600
_d1196600